000 00204 a2200097 4500
001 22613
100 _aHerrligoffer, K M
245 _aNanga Parbat
260 _a
_bElek Book
_c1952
090 _c15269
_d15269
942 _aNUST-CAE
_cM
_c5857
999 _c257686
_d257686